| 000 | 00783nam a2200217 a 4500 | ||
|---|---|---|---|
| 001 | 000033707 | ||
| 003 | DO-SdBNP | ||
| 005 | 20250318151152.0 | ||
| 008 | 110906s1876 dr 000 0 spa d | ||
| 040 |
_aDO-SdBNP _bspa _cBNPHU |
||
| 082 | 4 |
_a970.016 _bL217c _222 |
|
| 100 | 1 |
_aLamartine, M. Alonso de _959158 _d1790-1869 |
|
| 245 | 1 | 0 |
_aCristóbal Colón : _bdescubrimiento de las Américas / _cM. Alonso de Lamartine ; ed. Urbano Manini. |
| 260 |
_aMadrid : _bAdministración, _c1876. |
||
| 300 |
_av. ; _c23 cm. |
||
| 500 | _aLa biblioteca posee el v. 2 | ||
| 651 | 0 |
_aAmérica -- _xDescubrimiento y exploración -- _xEspañoles _9544 _vEnsayo, conferencias, etc. |
|
| 700 | 1 |
_aManini, Urbano _eed. _959159 |
|
| 910 | _aValidado. Control de calidad MFF | ||
| 942 |
_2ddc _cLBS1 |
||
| 999 |
_c33198 _d33198 |
||